| 000 | 00814nam a22001937a 4500 | ||
|---|---|---|---|
| 999 |
_c174305 _d174305 |
||
| 005 | 20200603125324.0 | ||
| 010 | _aUR-10775 | ||
| 020 |
_c600.00 _a- |
||
| 035 | _aU-9330 | ||
| 037 |
_bDBAD/PUB _a- |
||
| 082 | _a843.320 | ||
| 100 | _aبيگم ر ضيہ سلطا نہ سید صا حب حسين پير ز ا د ے | ||
| 245 |
_aا ر د و نا و ل سما جی پس منظر ميں _cبيگم ر ضيہ سلطا نہ سید صا حب حسين پير ز ا د ے |
||
| 246 |
_bUrdu Novel Samaji Pase Manzar Main (Urdu) _aby Razia Sultana Syed Sahab Hussain Peerzade |
||
| 260 |
_aDelhi _bEducational Publishing House _c2018 ء |
||
| 270 |
_a3191,Vakil Street,Kucha Pandit Lal Kuan, _bDelhi _e110006 _k23216162 _l- |
||
| 300 |
_a278 ص _c22 Cm(Hb) |
||
| 942 |
_2ddc _cUR _h843.320 _mر ض ی |
||